La prueba en materia de investigación de paternidad ante la justicia represiva dominicana / (Record no. 15692)
[ view plain ]
| 000 -CABECERA | |
|---|---|
| campo de control de longitud fija | 00732nam a2200193 a 4500 |
| 001 - NÚMERO DE CONTROL | |
| campo de control | 000016152 |
| 005 - FECHA Y HORA DE LA ÚLTIMA TRANSACCIÓN | |
| campo de control | 20251204073702.0 |
| 008 - DATOS DE LONGITUD FIJA--INFORMACIÓN GENERAL | |
| campo de control de longitud fija | 100226s1963 fr 000 0 spa d |
| 040 ## - FUENTE DE LA CATALOGACIÓN | |
| Centro catalogador/agencia de origen | DO-SdBNP |
| Lengua de catalogación | spa |
| Centro/agencia transcriptor | BNPHU |
| 082 ## - NÚMERO DE LA CLASIFICACIÓN DECIMAL DEWEY | |
| Número de clasificación | 346.01757293 |
| Número de documento/Ítem | P645p |
| 049 ## - FONDOS LOCALES (OCLC) | |
| Fondos de biblioteca | BNPD |
| 100 1# - ENTRADA PRINCIPAL--NOMBRE DE PERSONA | |
| Nombre de persona | Pina Acevedo y Martínez, Ramón |
| 9 (RLIN) | 36158 |
| 245 13 - MENCIÓN DE TÍTULO | |
| Título | La prueba en materia de investigación de paternidad ante la justicia represiva dominicana / |
| Mención de responsabilidad, etc. | Ramón Pina Acevedo y Martínez, Luz Bethania Pelaez Ortíz de Pina. |
| 260 ## - PUBLICACIÓN, DISTRIBUCIÓN, ETC. | |
| Lugar de publicación, distribución, etc. | París |
| Fabricante | Danube |
| Fecha de publicación, distribución, etc. | 1963. |
| 300 ## - DESCRIPCIÓN FÍSICA | |
| Extensión | 69 p. ; |
| Dimensiones | 22 cm. |
| 650 #4 - PUNTO DE ACCESO ADICIONAL DE MATERIA--TÉRMINO DE MATERIA | |
| Término de materia o nombre geográfico como elemento de entrada | Pruebas de paternidad |
| Subdivisión general | Investigaciones |
| 9 (RLIN) | 36159 |
| 650 #0 - PUNTO DE ACCESO ADICIONAL DE MATERIA--TÉRMINO DE MATERIA | |
| Término de materia o nombre geográfico como elemento de entrada | Administración de justicia |
| 9 (RLIN) | 10083 |
| 700 1# - PUNTO DE ACCESO ADICIONAL--NOMBRE DE PERSONA | |
| Nombre de persona | Pelaez Ortíz de Pina, Luz Bethania |
| 9 (RLIN) | 36160 |
| Estado de retiro | Estado de pérdida | Restricciones de uso | No para préstamo | Código de colección | Localización permanente | Ubicación/localización actual | Ubicación en estantería | Fecha de adquisición | Número de inventario | Total de préstamos | Signatura topográfica completa | Código de barras | Fecha visto por última vez | Número de copia | Precio válido a partir de | Tipo de ítem Koha | Nota pública |
|---|---|---|---|---|---|---|---|---|---|---|---|---|---|---|---|---|---|
| Monografías: Libros y Folletos | General | General | En catalogación | 26.02.2010 | LF1 | 346.01757293 P645p | 16152-30 | 25.06.2020 | e. 3 | 25.06.2020 | Préstamo en sala | ||||||
| Monografías: Libros y Folletos | General | General | En catalogación | 14.06.2011 | LF1 | 346.01757293 P645p | 16152-50 | 25.06.2020 | e. 4 | 25.06.2020 | Préstamo en sala | ||||||
| Excluido de préstamo | Monografías: Libros y Folletos | Patrimonio Dominicano | Patrimonio Dominicano | Depósito | 26.02.2010 | LF1 | 346.01757293 P645p | 16152-10 | 25.06.2020 | 25.06.2020 | No se presta | Perteneció a la biblioteca personal de Martínez Boog. | |||||
| Excluido de préstamo | Monografías: Libros y Folletos | Patrimonio Dominicano | Patrimonio Dominicano | En catalogación | 26.02.2010 | LF1 | 346.01757293 P645p | 16152-20 | 25.06.2020 | e. 2 | 25.06.2020 | No se presta |
